| 000 | 00708nam a2200217 a 4500 | ||
|---|---|---|---|
| 001 | 21519 | ||
| 003 | CO-ViMGA | ||
| 008 | 141112s2004 ck r 000 u spa d | ||
| 020 | _a8424607724 | ||
| 040 |
_aCO-ViMGA _bspa _cCO-ViMGA |
||
| 082 | 0 | 4 | _aI 611 P677 |
| 100 | 1 |
_aPortell, Joan; Aránega, Susanna _930730 |
|
| 245 | 1 | 0 | _aEl cuerpo |
| 260 |
_aBarcelona : _bla galera, _c2002 |
||
| 300 | _a31 | ||
| 490 | _aDescubrimos; 1 | ||
| 590 | _aForma de adquisición : Donación fact. 8851 - - Precio : 28000 - - Proveedor : Fundación exito - - Fecha de adquisición : Junio 2007 | ||
| 650 | 1 | 4 |
_aANATOMIA - ENSEÑANZA ELEMENTAL _930731 |
| 650 | 1 | 4 |
_aCUERPO HUMANO - ENSEÑANZA ESCOLAR _930732 |
| 942 |
_2ddc _cBK |
||
| 999 |
_c6637 _d6637 |
||